Quiz o Rumi - Statystyki

Ogólne statystyki
  • Ten quiz został rozwiązany 5 razy
  • Średni wynik to 11 z 15
Statystyki odpowiedzi
Pytanie Odpowiedź % Poprawnych
Ile przystanków SKM Trójmiasto znajduje się obecnie na terenie Rumi? 2
100%
Ile mieszkańców ma Rumia? (2024, w tysiącach) 53
100%
Jaki jest kod pocztowy Rumi? 84-230
100%
Z jakimi miastami graniczy Rumia? Gdynia
100%
Jak nazywa się wzniesienie o wysokości 92 m.n.p.m. na terenie Rumi, na którego szczycie otwarto niedawno punkt widokowy? Góra Markowca
100%
Rumia jest największym miastem w Polsce, niebędącym siedzibą...? Powiatu
100%
Z jakimi miastami graniczy Rumia? Reda
100%
Jak nazywa się najludniejsza dzielnica Rumi? Janowo
67%
W latach 1925-1974 na terenie północnej Rumi znajdowało się...? Lotnisko Rumia-Zagórze
67%
Jak nazywa się obecny burmistrz Rumi? Michał Pasieczny
67%
Jak nazywa się wielki kompleks handlowy w północno-zachodniej Rumi? Port Rumia
67%
Jak nazywa się rzeka płynąca przez Rumię? Zagórska Struga
67%
W którym roku Rumia uzyskała prawa miejskie? 1957
33%
Jak nazywa się centralny park Rumi? Park Starowiejski
33%
Jak nazywa się pradolina, w której położona jest Rumia? Pradolina Kaszubska
33%
Nie znaleziono quizów pasujących do podanych kryteriów
Rozkład punktacji
Procent ludzi z każdym wynikiem
Percentyl według liczby udzielonych odpowiedzi
Twoja historia wyników
Nie rozwiązałeś tego quizu